| 000 | 01613nam a2200433Ii 4500 | ||
|---|---|---|---|
| 001 | DIGDYK2256 | ||
| 003 | NyNyDIG | ||
| 006 | m o d | ||
| 007 | cr ||||||||||| | ||
| 008 | 230217s2022 sp ab o 000 0 spa d | ||
| 035 | _a(OCoLC)1336403472 | ||
| 040 |
_aDGITA _beng _erda _epn _cDGITA |
||
| 020 |
_a9788411223393 _qelectrónico |
||
| 020 | _z9788411222853 | ||
| 043 | _ae-sp--- | ||
| 050 | 1 | 4 | _aHJ1249.A1 ebook |
| 082 | 0 | 4 | _a336.01346 |
| 100 | 1 |
_aCalvo Vérgez, Juan, _eauthor. |
|
| 245 | 1 | 3 |
_aLa crisis de la deuda pública autonómica (2010-2020) / _cJuan Calvo Vérgez. |
| 264 | 1 |
_aMadrid : _bDykinson, _c2022. |
|
| 300 |
_a1 online resource : _billustrations, maps. |
||
| 336 |
_atext _btxt _2rdacontent |
||
| 337 |
_acomputer _bc _2rdamedia |
||
| 338 |
_aonline resource _bcr _2rdacarrier |
||
| 347 |
_atext file _2rdaft |
||
| 347 | _bPDF | ||
| 490 | 1 | _aColección Fiscalidad | |
| 500 | _a"Acceso premium. Libro + ebook"--Cover. | ||
| 588 | 0 | _aOnline resource; title from PDF title page (Digitalia, viewed February 17, 2023) | |
| 650 | 0 |
_aFinance, Public _zSpain _xAutonomous communities. |
|
| 650 | 0 |
_aDebt _zSpain _xAutonomous communities. |
|
| 776 | 0 | 8 |
_iPrint version: _aCalvo Vérgez, Juan. _tCrisis de la deuda pública autonómica (2010-2020). _dMadrid : Dykinson, 2022 _z9788411222853 |
| 791 | 2 |
_aDigitalia (Firm), _edistributor. |
|
| 793 | 0 |
_gDigitalia eBook Collection: _aDykinson Editorial |
|
| 830 | 0 | _aColección Fiscalidad. | |
| 856 | 4 | 0 |
_3Digitalia Hispánica _uhttps://www.digitaliapublishing.com/a/115966/ |
| 910 | _aPremium collection: 2023 | ||
| 942 | _cRAA | ||
| 999 |
_c274952 _d274952 |
||